000 00854cab a2200229 4500
001 ABS38695
008 090401t1988 xxu||||| |||| 00| 0 eng d
035 _a(Sirsi) u12010
041 _aeng
100 _aFletcher, J.
245 _aDeer farming - a realistic alternative
260 _c1988
350 _a0
490 _aAgricultural Digest
_v(19) January 1988, 13-15(2)
520 _aExamines the growth of deer farming as an alternative to traditional types of farming. High fixed costs make it unsuitable as a small enterprise, but for larger units it can be extremely profitable. This article looks at opportunities available in the UK, and the markets which are beginning to unfold.
650 _aALTERNATIVE LAND USE
650 _aDIVERSIFICATION
650 _aFARMING
690 _aRURAL PRACTICE
942 _n0
948 _c04/03/1997
999 _c7680
_d7680